Erza-mordvin-magyar szótár

Elmentve itt :
Bibliográfiai részletek
Szerzők: Mészáros Edit
Širmankina Raisa
Dokumentumtípus: Könyv
Megjelent: JATEPress Szeged 1999
Sorozat:Studia uralo-altaica Suppl.
Kulcsszavak:Erza-mordvin-magyar szótár
Tárgyszavak:
Online Access:http://acta.bibl.u-szeged.hu/38772
LEADER 00784nam a2200241 i 4500
001 acta38772
005 20230508151258.0
008 161201s1999 hu o 0|| hun d
020 |a 963 482 343 2 
022 |a 0133-4239 
040 |a SZTE Egyetemi Kiadványok Repozitórium  |b hun 
041 |a hun 
041 |a fiu 
100 1 |a Mészáros Edit 
245 1 0 |a Erza-mordvin-magyar szótár  |h [elektronikus dokumentum] /  |c  Mészáros Edit 
260 |a JATEPress  |b Szeged  |c 1999 
300 |a 360 p.  |c 24 cm 
490 0 |a Studia uralo-altaica  |v Suppl. 
650 4 |a Bölcsészettudományok 
650 4 |a Nyelvek és irodalom 
695 |a Erza-mordvin-magyar szótár 
700 0 1 |a Širmankina Raisa  |e aut 
856 4 0 |u http://acta.bibl.u-szeged.hu/38772/1/altaica_suppl_008.pdf  |z Dokumentum-elérés